000 00633nam a22001937a 4500
005 20251108164950.0
008 250721s1984 xx 000 0 ara d
082 1 4 _a658.0542/محم
100 1 _aبرهان، محمد نور
245 1 0 _aإستخدام الحاسبات الإلكترونية في الإدارة /
264 1 _aعمان :
_bالمنظمة العربية للعلوم الأدارية،
_c1984.
300 _a122ص
650 1 7 _aالإدارة
650 1 7 _aتخزين المعلومات
650 1 7 _aالحواسيب
650 1 7 _aإسترجاع المعلومات
942 _2ddc
_cBK
999 _c18611
_d18611